Wizards of Waverly Place Theme Song Lyrics - Statistics

General Stats
  • This quiz has been taken 4,036 times
  • The average score is 15 of 16
Answer Stats
Hint Answer % Correct
Everything is not what it _____ seems
98%
Because everything is not what it _____ seems
98%
Everything is not what it _____ seems
98%
Because everything is not what it _____ seems
98%
When you can get all you wanted in your wildest ______ dreams
97%
When you write a report on a book you never ____ read
96%
With the snap of your fingers you can make your ___ bed
92%
Well you might find out it'll go to your ____ head
92%
(Yes, ______) please
92%
Be careful not to mess with the balance of ______ things
91%
(That's what I ____) said
90%
Well you know everything's gonna be a ______ breeze
86%
You could fix any problem with the slightest of ____ ease
85%
That the end will no doubt justify the _____ means
83%
When you can get what you want by the simplest of _____ means
83%
You might run into trouble if you go to ________ extremes
80%
No matching quizzes found
Score Distribution
Percent of People with Each Score
Percentile by Number Answered
Your Score History
You have not taken this quiz